[Event "Nova Gorica op"]
[Site "Nova Gorica"]
[Date "1997.??.??"]
[Round "9"]
[White "Sedina, Elena"]
[Black "Komljenovic, Davor"]
[Result "1-0"]
[WhiteElo "2400"]
[BlackElo "2460"]

1.e4 c5 2.Nf3 d6 3.Bb5+ Bd7 4.Bxd7+ Nxd7 5.c4 Ngf6 6.Nc3 e6 7.d4 cxd4 8.Nxd4 a6
9.O-O Be7 10.b3 O-O 11.Bb2 Re8 12.Qe2 Bf8 13.Rad1 Qa5 14.f4 Rac8 15.Kh1 e5
16.Nf5 b5 17.Nxd6 Bxd6 18.Rxd6 bxc4 19.bxc4 exf4 20.Qd2 Rxc4 21.Rxd7 Nxd7
22.Qxd7 Qd8 23.Qf5 f6 24.Qxf4 Qd3 25.Rf3 Qd4 26.h3 h6 27.Rg3 Rb4 28.Qxh6 f5
29.Nd5 Rxb2 30.Nf6+ Kf7 31.Qg6+ Ke7 32.Qxe8+ Kxf6 33.Rg6+  1-0

[Event "Coca Cola op"]
[Site "Olanesti"]
[Date "1997.??.??"]
[Round "3"]
[White "Glodeanu, Ion"]
[Black "Itkis, Boris"]
[Result "0-1"]
[WhiteElo "2375"]
[BlackElo "2495"]

1.e4 c5 2.Nf3 d6 3.Bb5+ Nd7 4.O-O Nf6 5.e5 dxe5 6.Nxe5 e6 7.d4 a6 8.Bxd7+ Nxd7
9.Qf3 Qf6 10.Qxf6 gxf6 11.Nxd7 Bxd7 12.dxc5 Bxc5 13.Be3 Bxe3 14.fxe3 Ke7
15.Nd2 Bc6 16.Rad1 Rhg8 17.Nf3 Rac8 18.Rd2 Be4 19.c3 Rcd8 20.Rxd8 Rxd8 21.Kf2 b5
22.Re1 e5 23.Re2 a5 24.Rd2 Rc8 25.a3 Ke6 26.Rd1 h6 27.Rd2 b4 28.cxb4 axb4
29.axb4 Rb8 30.Ng1 Rxb4 31.Ne2 f5 32.g3 h5 33.Ng1 Rb8 34.Nf3 f6 35.h4 Rb3
36.Ke2 Kf7 37.Kf2 f4 38.gxf4 exf4 39.Re2 fxe3+ 40.Rxe3 Rxb2+ 41.Kg3 Rb4 42.Ra3 Kg6
43.Rc3 Bd5 44.Nh2 f5 45.Nf3 f4+ 46.Kf2 Rb2+ 47.Kg1 Kf5 48.Rc5 Ke4 49.Ng5+ Kd4
50.Rc8 f3 51.Rd8 f2+ 52.Kf1 Ke3 53.Re8+ Kf4 54.Rf8+ Kg3 55.Ne4+ Kh3 56.Nxf2+ Kg3
57.Ke1 Bf3 58.Rg8+ Kxh4 59.Rg7 Bg4 60.Kf1 Bf3 61.Ke1 Re2+ 62.Kf1 Ra2 63.Ke1 Bg4
64.Kf1 Kg3 65.Ne4+ Kf3 66.Ng5+ Kf4 67.Nh7 Kg3  0-1

[Event "POR-ch m"]
[Site "Oliveira de Azemeis"]
[Date "1997.??.??"]
[Round "2"]
[White "Fernandes, Antonio"]
[Black "Ribeiro, Fernando"]
[Result "1-0"]
[WhiteElo "2485"]
[BlackElo "2305"]

1.e4 c5 2.Nf3 d6 3.Bb5+ Bd7 4.Bxd7+ Qxd7 5.O-O Nc6 6.d4 cxd4 7.Nxd4 Nf6 8.Re1 g6
9.Bg5 Bg7 10.Nc3 h6 11.Bh4 Nxd4 12.Qxd4 g5 13.Bg3 Nh5 14.Qd3 Nxg3 15.hxg3 Qc6
16.Nd1 O-O 17.c3 e6 18.Ne3 b5 19.Rad1 Rfd8 20.a3 a5 21.Nc2 Rac8 22.Nd4 Bxd4
23.Qxd4 e5 24.Qd2 Qc4 25.Re3 b4 26.cxb4 axb4 27.Qxb4 Qxb4 28.axb4 Rc4 29.Rb3 Rb8
30.b5 Rb6 31.f3 Kf8 32.Rdd3 Rc5 33.Rd5 Ke7 34.Kf2 Rc2+ 35.Kf1 Ke6 36.g4 Kd7
37.g3 Rb8 38.b6 Rb7 39.Ke1 Rc5 40.Kd2 Kc6 41.Rdd3 Kd7 42.Rdc3 Kc6 43.Rc1 Rxc1
44.Kxc1 d5 45.exd5+ Kxd5 46.Rb5+ Kc4 47.Rxe5 Rxb6 48.Kc2 Kd4 49.Re4+ Kd5
50.b3 Rf6 51.Re3 Ra6 52.Rd3+ Kc5 53.Kc3 Ra1 54.Rd7 Rg1 55.Rxf7 Rxg3 56.b4+ Kd5
57.Rf5+ Ke6 58.Kc4 h5 59.Rxg5 h4 60.Rf5 h3 61.Kd4 h2 62.Rh5 Rxf3 63.Rxh2 Rg3
64.Kc5 Rc3+ 65.Kb6 Rc8 66.b5 Rb8+ 67.Kc6 Rc8+ 68.Kb7 Rc4 69.Rg2 Rc5 70.b6 Rg5
71.Kc6 Ke5 72.b7 Rg6+ 73.Kc5 Rg8 74.Rb2  1-0

[Event "Ontario"]
[Site "Ontario"]
[Date "1997.??.??"]
[Round "5"]
[White "McTavish, David"]
[Black "Nickoloff, Bryon"]
[Result "1/2-1/2"]
[WhiteElo "2215"]
[BlackElo "2400"]

1.e4 c5 2.Nf3 d6 3.Bb5+ Nc6 4.O-O Bd7 5.c3 Nf6 6.Re1 a6 7.Bxc6 Bxc6 8.d4 cxd4
9.cxd4 Bxe4 10.Nc3 d5 11.Bg5 e6 12.Bxf6 gxf6 13.Nxe4 dxe4 14.Rxe4 Qd5 15.Qa4+ b5
16.Qc2 Bd6 17.Ree1 Ke7  1/2-1/2

[Event "RUS-chT"]
[Site "Orel"]
[Date "1997.??.??"]
[Round "?"]
[White "Shovunov, Baatr"]
[Black "Vershinin, Mikhail"]
[Result "1-0"]
[WhiteElo "2340"]
[BlackElo "2405"]

1.e4 c5 2.Nf3 d6 3.Bb5+ Bd7 4.Bxd7+ Qxd7 5.b3 Nf6 6.d3 g6 7.Bb2 Bg7 8.O-O Nc6
9.Qe2 O-O 10.c4 Nh5 11.Bxg7 Nxg7 12.Qe3 Ne6 13.Nc3 Ned4 14.Nd5 Nxf3+ 15.Qxf3 Kg7
16.Qe2 Nd4 17.Qb2 e6 18.Ne3 e5 19.f4 f6 20.f5 g5 21.b4 b6 22.Nd5 Nc6 23.b5 Ne7
24.Ne3 h5  1-0

[Event "Ozery op1 Seniors"]
[Site "Ozery"]
[Date "1997.??.??"]
[Round "7"]
[White "Agrinsky, Vladimir P"]
[Black "Nikitin, Aleksander S"]
[Result "1/2-1/2"]
[WhiteElo "2215"]
[BlackElo "2430"]

1.e4 c5 2.Nf3 d6 3.Bb5+ Bd7 4.Bxd7+ Qxd7 5.O-O Nc6 6.c4 Nf6 7.Nc3 g6 8.d4 cxd4
9.Nxd4 Bg7 10.Nc2 O-O 11.f3 Na5 12.b3 a6 13.Qd3 Rab8 14.b4 Nc6 15.f4 b5 16.cxb5 axb5
17.Rb1 Qb7 18.h3 Rfc8 19.Rb3 Ne8 20.Be3 Nc7 21.Nd5 Nxd5 22.exd5  1/2-1/2

[Event "RUS-ch sf"]
[Site "Perm"]
[Date "1997.??.??"]
[Round "11"]
[White "Kalegin, Evgenij"]
[Black "Hamatgaleev, Alexej"]
[Result "0-1"]
[WhiteElo "2485"]
[BlackElo "2310"]

1.e4 c5 2.Nf3 d6 3.Bb5+ Nc6 4.O-O Bd7 5.c3 Nf6 6.Re1 a6 7.Bxc6 Bxc6 8.d4 cxd4
9.cxd4 Bxe4 10.Bg5 Qa5 11.Nc3 Bxf3 12.Qxf3 Qxg5 13.Qxb7 Rd8 14.Qc6+ Rd7 15.Qxa6 e6
16.Qa8+ Rd8 17.Qc6+ Rd7 18.a4 Qa5 19.d5 Be7 20.dxe6 fxe6 21.Rxe6 Qc7 22.Qf3 O-O
23.a5 d5 24.a6 Qb8 25.Qe2 Bc5 26.Kh1 Qb3 27.Rc6 Re8 28.Qd2 Ba7 29.f3 d4 30.Ne4 Nxe4
31.fxe4 Qb5 32.Rac1 Rf7 33.g3 Rf1+ 34.Kg2 Rxc1 35.Rxc1 Qxa6 36.Qc2 Qe6 37.Re1 h6
38.Qa4 Bb6 39.Qb5 Rc8 40.Re2 Qc4 41.Qh5 d3 42.Re1 d2  0-1

[Event "World op"]
[Site "Philadelphia"]
[Date "1997.??.??"]
[Round "3"]
[White "Krays, Alexander"]
[Black "Browne, Walter S"]
[Result "1-0"]
[WhiteElo "2375"]
[BlackElo "2530"]

1.e4 c5 2.Nf3 d6 3.Bb5+ Nd7 4.d4 Nf6 5.Nc3 a6 6.Bxd7+ Nxd7 7.O-O e6 8.Bg5 Qc7
9.dxc5 Nxc5 10.Qd4 f6 11.Be3 Be7 12.a4 Nd7 13.Qd1 Ne5 14.Nd4 Bd7 15.f4 Nc4
16.Bc1 e5 17.Nf5 Bxf5 18.exf5 Rc8 19.Kh1 Qc6 20.Qh5+ Kf8 21.Rd1 Bd8 22.fxe5 dxe5
23.b3 Ne3 24.Bxe3 Qxc3 25.Bd2 Qc6 26.c4 Qe8 27.Qf3 Qc6 28.Qg4 Be7 29.Be3 h5
30.Qh4 Kf7 31.Qg3 h4 32.Qg6+ Kf8 33.Rd5 h3 34.Rad1 hxg2+ 35.Qxg2 Rh5 36.Qg4 Rh7
37.Qg6 Kg8 38.Kg1 Rh3 39.Kf2 Rxh2+ 40.Kg3 Re2 41.Bh6 Bf8 42.Bxg7 Qe8 43.Bxf6+ Qxg6+
44.fxg6 Rc6 45.Rf1 Re3+ 46.Kg4 Rxb3 47.Rd8 Rxc4+ 48.Kf5 Rd4 49.Re8 Rd7 50.Bxe5 Rbd3
51.Kg4  1-0

[Event "Pinar del Rio"]
[Site "Pinar del Rio"]
[Date "1997.??.??"]
[Round "7"]
[White "Gonzalez, Roberto"]
[Black "Rivero, Carlos"]
[Result "1-0"]
[WhiteElo "2385"]
[BlackElo "2055"]

1.e4 c5 2.Nf3 d6 3.Bb5+ Bd7 4.a4 Nc6 5.O-O g6 6.Re1 Bg7 7.c3 Nf6 8.d4 cxd4
9.cxd4 O-O 10.Nc3 Rc8 11.h3 a6 12.Bf1 Nb4 13.Bg5 Be6 14.d5 Bd7 15.a5 Ne8
16.Qb3 Nc6 17.dxc6 Bxc6 18.Nd5 Bxd5 19.exd5 Rc7 20.Rac1 Nf6 21.Be3 Qd7 22.Rxc7 Qxc7
23.Bb6 Qd7 24.Rc1 Rc8 25.Rxc8+ Qxc8 26.Bd4 e5 27.dxe6 fxe6 28.Ng5 d5 29.Qc3  1-0

[Event "Plzen KB opJ-A"]
[Site "Plzen"]
[Date "1997.??.??"]
[Round "2"]
[White "Kubala, Petr"]
[Black "Stocek, Jiri"]
[Result "0-1"]
[WhiteElo "2260"]
[BlackElo "2470"]

1.e4 c5 2.Nf3 d6 3.Bb5+ Nd7 4.O-O a6 5.Bxd7+ Bxd7 6.d4 cxd4 7.Qxd4 e5 8.Qd3 h6
9.Nc3 Nf6 10.a4 Be7 11.a5 Rc8 12.Be3 Qc7 13.Nd2 O-O 14.Rfc1 Be6 15.Nd5 Nxd5
16.exd5 Bg4 17.c4 f5 18.f3 e4 19.fxe4 Bf6 20.Bd4 Bg5 21.Be3 Bf6 22.Qb3 Be5
23.h3 Be2 24.Bb6 Qf7 25.Re1 Qh5 26.exf5 Rxf5 27.Qe3 Bg4 28.hxg4 Qh2+  0-1

[Event "Plzen KB opJ-B"]
[Site "Plzen"]
[Date "1997.??.??"]
[Round "9"]
[White "Valenz, M."]
[Black "Brudnova, J."]
[Result "1/2-1/2"]
[WhiteElo "1775"]
[BlackElo "1790"]

1.e4 c5 2.Nf3 d6 3.Bb5+ Bd7 4.Bxd7+ Nxd7 5.c3 Ngf6 6.Qe2 Qc7 7.O-O e6 8.d4 Nb6
9.Bf4 Be7 10.Nbd2 O-O 11.e5 Nfd7 12.Ne4 d5 13.Ng3 Rfe8 14.Ng5 Nf8 15.Qg4 Ng6
16.Rac1 Rac8 17.h4 Nxf4 18.Qxf4 Bxg5 19.Qxg5 Qe7 20.Qg4 Rc7 21.Nh5  1/2-1/2

[Event "Rubinstein mem 34th"]
[Site "Polanica Zdroj"]
[Date "1997.??.??"]
[Round "3"]
[White "Rublevsky, Sergei"]
[Black "Ehlvest, Jaan"]
[Result "1-0"]
[WhiteElo "2650"]
[BlackElo "2610"]

1.e4 c5 2.Nf3 d6 3.Bb5+ Bd7 4.Bxd7+ Qxd7 5.c4 Nc6 6.Nc3 g6 7.d4 Bg7 8.d5 Bxc3+
9.bxc3 Na5 10.Nd2 f6 11.f4 O-O-O 12.O-O b6 13.a4 Nh6 14.Nb3 Nf7 15.Nxa5 bxa5
16.Qb3 Qb7 17.Qc2 Qd7 18.Rb1 Kc7 19.e5 fxe5 20.f5 gxf5 21.Rxf5 Rdf8 22.Qf2 Qe8
23.Qb2 Qa8 24.Qb5 Nd8 25.Rxf8 Rxf8 26.Bg5 Nf7 27.Bxe7 Rb8 28.Qxa5+ Kd7 29.Rf1 Ke8
30.Bxd6 Nxd6 31.Qc7  1-0

[Event "Polanica Zdroj op"]
[Site "Polanica Zdroj"]
[Date "1997.??.??"]
[Round "3"]
[White "Vysochin, Spartak"]
[Black "Michalski, Olaf"]
[Result "1-0"]
[WhiteElo "2475"]
[BlackElo "2285"]

1.e4 c5 2.Nf3 d6 3.Bb5+ Nc6 4.O-O Nf6 5.Re1 a6 6.Bxc6+ bxc6 7.e5 dxe5 8.Nxe5 e6
9.Na3 Qc7 10.Nac4 Be7 11.Qf3 Bb7 12.b3 O-O 13.Bb2 Nd5 14.Nd3 Bc8 15.Be5 Qd8
16.Qg3 f6 17.Bd6 Nb4 18.Nxb4 cxb4 19.Bxe7 Qxe7 20.Nb6 Ra7 21.Re4 Rb7 22.Nxc8 Rxc8
23.Rae1 Qd7 24.Qe3 e5 25.d4 exd4 26.Rxd4 Qf7 27.Qd3 g6 28.Qxa6 Rcc7 29.Qd3 c5
30.Rd6 Re7 31.Rxe7 Qxe7 32.Kf1 Qe5 33.Qd5+ Qxd5 34.Rxd5 c4 35.Rd4 c3 36.Ke2 Kf7
37.Kd3 Ke6 38.Kc4  1-0

[Event "ESP-chT"]
[Site "Ponferrada"]
[Date "1997.??.??"]
[Round "2"]
[White "Rivera Kuzawka, Daniel"]
[Black "Martin Gonzalez, Angel"]
[Result "1/2-1/2"]
[WhiteElo "2370"]
[BlackElo "2420"]

1.e4 c5 2.Nf3 d6 3.Bb5+ Nd7 4.O-O Nf6 5.Re1 a6 6.Bxd7+ Nxd7 7.c3 g6 8.d4 Bg7
9.e5 O-O 10.e6 fxe6 11.Ng5 Nb6 12.dxc5 dxc5 13.Qe2 Rf6 14.Na3 Qc7 15.Nc4 Nd5
16.Ne5 Rf5 17.Ng4 h5 18.Nxe6 Bxe6 19.Qxe6+ Kh7 20.Ne3 Re5 21.Qh3 Nf4 22.Qg3 Rf8
23.Bd2 Qc6 24.c4 Bh6 25.h4 Nd3 26.Nd5 Rxe1+ 27.Bxe1 Nf4 28.Nxf4 Rxf4 29.Qe3 Re4
30.Qf3 Qe6 31.Bc3 Bg7 32.Bxg7 Kxg7 33.b3 Rxh4 34.Qxb7 Qe5 35.Rd1 Re4 36.Qxa6 Re1+
37.Rxe1 Qxe1+ 38.Kh2 Qxf2 39.Qe6 Qf4+ 40.Kg1 Qc1+ 41.Kh2 Qf4+ 42.Kg1 Qd4+
43.Kh2 Qf4+  1/2-1/2

[Event "Portoroz op"]
[Site "Portoroz"]
[Date "1997.??.??"]
[Round "?"]
[White "Grosar, Aljosa"]
[Black "Tukmakov, Vladimir B"]
[Result "0-1"]
[WhiteElo "2495"]
[BlackElo "2585"]

1.e4 c5 2.Nf3 d6 3.Bb5+ Bd7 4.Bxd7+ Nxd7 5.O-O Ngf6 6.Qe2 e6 7.b3 Be7 8.Bb2 O-O
9.c4 a6 10.d4 cxd4 11.Nxd4 Qa5 12.Nc3 Rfc8 13.Rac1 Rab8 14.Rfd1 Nf8 15.g3 Qh5
16.Qxh5 Nxh5 17.Ba3 Nd7 18.Kg2 Nhf6 19.f4 Nc5 20.Bxc5 Rxc5 21.Na4 Ra5 22.Kf3 g6
23.Rc2 e5 24.Ne2 b5 25.cxb5 axb5 26.Nac3 Rc8 27.Rdc1 Kg7 28.g4 b4 29.g5 bxc3
30.gxf6+ Bxf6 31.Rxc3 Rxc3+ 32.Nxc3 exf4 33.a4 Rh5 34.Nd5 Rh3+ 35.Kg2 Rxb3
36.Nxf4 Bg5  0-1

[Event "GER-chT Seniors"]
[Site "Potsdam"]
[Date "1997.??.??"]
[Round "7"]
[White "Gudat, Alfons"]
[Black "Scheipl, Ralf"]
[Result "1/2-1/2"]
[WhiteElo "2080"]
[BlackElo "2270"]

1.e4 c5 2.Nf3 d6 3.Bb5+ Bd7 4.Bxd7+ Qxd7 5.O-O Nf6 6.Re1 Nc6 7.c3 e6 8.d4 cxd4
9.cxd4 d5 10.e5 Ne4 11.Nbd2 Nxd2 12.Bxd2 Be7 13.a3 a5 14.b4 axb4 15.axb4 O-O
16.Qb3 Rxa1 17.Rxa1 Rc8 18.b5 Nb8 19.h3 h6 20.Ra8 Qc7 21.g3 Nd7 22.Rxc8+ Qxc8
23.Bb4 Bd8 24.Qc3 Qxc3 25.Bxc3 Nb6 26.Ba5 Kf8 27.Kf1 Ke8 28.Bxb6 Bxb6 29.Ke2 Kd7
30.Kd3 f6 31.g4 Bc7 32.exf6 gxf6 33.h4 Bf4 34.Ng1 Bc7 35.Ne2 e5 36.f3 Ke6
37.Nc3 Bb6 38.Ne2 Ba5 39.Ng3 Be1 40.Nf5 h5 41.Ke2 hxg4 42.fxg4 Bb4 43.h5 Kf7
44.Ne3 Ke6 45.Nf5 Kf7 46.Ne3  1/2-1/2

[Event "SVK-ch"]
[Site "Presov"]
[Date "1997.??.??"]
[Round "8"]
[White "Kotan, Ladislav"]
[Black "Solodovnichenko, Yuri"]
[Result "0-1"]
[WhiteElo "2245"]
[BlackElo "2350"]

1.e4 c5 2.Nf3 d6 3.Bb5+ Nd7 4.c3 Nf6 5.Qe2 a6 6.Ba4 e5 7.O-O Be7 8.d4 b5
9.Bc2 O-O 10.Rd1 Qc7 11.Bg5 Bb7 12.d5 h6 13.Bc1 c4 14.Nh4 Rfe8 15.Nf5 Bf8
16.Qf3 Kh7 17.Nd2 g6 18.Ng3 Bg7 19.Ndf1 a5 20.Ne3 Nc5 21.h3 Ba6 22.Bd2 Rab8
23.a3 Qe7 24.Ng4 Nfd7 25.Qe3 Qf8 26.h4 h5 27.Nh2 Bh6 28.Qf3 Bxd2 29.Rxd2 f6
30.Ngf1 Qh6 31.Re2 Rb6 32.Re3 Kg7 33.Qe2 Reb8 34.g4 hxg4 35.Qxg4 Qf4 36.Qg2 Rh8
37.Rg3 Nf8 38.Ne3 Bc8 39.h5 Rxh5 40.Bd1 Rg5 41.Rxg5 fxg5 42.Bc2 Ba6 43.Kh1 Rb8
44.Nhg4 Nfd7 45.Kg1 Rh8 46.Kf1 Nb3 47.Rd1 Ndc5 48.Ke2 Na4 49.Rh1 Rh4 50.Rxh4 gxh4
51.Qh3 Qg5 52.Nh2 Qe7 53.Nf3 Qd8 54.Nxh4 Bc8 55.Qg3 Qf6 56.Nef5+ Kf7 57.Nxg6 Bxf5
58.exf5 Nxb2 59.Qh3 Na4 60.Qh7+ Qg7 61.Qh3 Nb6 62.f6 Qxf6 63.Qh7+ Ke8 64.Bf5 Kd8
65.Qb7 Qxf5 66.Qxb6+ Ke8 67.Qxb5+ Kf7  0-1

[Event "CRO-Cup (Women)"]
[Site "Pula"]
[Date "1997.??.??"]
[Round "?"]
[White "Lakos, Nikoletta"]
[Black "Madl, Ildiko"]
[Result "1/2-1/2"]
[WhiteElo "2380"]
[BlackElo "2365"]

1.e4 c5 2.Nf3 d6 3.Bb5+ Bd7 4.Bxd7+ Qxd7 5.O-O Nc6 6.c4 Nf6 7.Nc3 g6 8.d4 cxd4
9.Nxd4 Bg7 10.Re1 O-O 11.Be3 Rac8 12.Nxc6 Rxc6 13.b3 a6 14.a4 e6 15.Bd4 Rfc8
16.Qd3 Ne8 17.Bxg7 Kxg7 18.Nd1 Qe7 19.Ne3 Qg5 20.a5 Nf6 21.g3 Qc5 22.Ra4 Qe5
23.Nc2 Qh5 24.Ne3 Qe5 25.Nc2 g5  1/2-1/2

[Event "CRO-Cup"]
[Site "Pula"]
[Date "1997.??.??"]
[Round "?"]
[White "Mandekic, Ivan"]
[Black "Bilobrk, Franjo"]
[Result "0-1"]
[WhiteElo "2280"]
[BlackElo "2370"]

1.e4 c5 2.Nf3 d6 3.Bb5+ Bd7 4.Bxd7+ Qxd7 5.O-O Nc6 6.c4 g6 7.Nc3 Bg7 8.Qe2 Nf6
9.b3 O-O 10.Bb2 Ng4 11.d3 Nge5 12.Ne1 Nd4 13.Qd1 f5 14.exf5 Rxf5 15.Ne4 Nec6
16.Rb1 Raf8 17.Nc2 Nxc2 18.Qxc2 Bxb2 19.Rxb2 b6 20.Qd1 d5 21.Nc3 e6 22.Rd2 Qf7
23.f3 Qf6 24.Ne2 Nd4 25.Nxd4 Qxd4+ 26.Kh1 Re5 27.Re1 Rff5 28.h3 Kf7 29.Rde2 Kf6
30.f4 Rxe2 31.Qxe2 e5 32.fxe5+ Rxe5 33.Qf3+ Kg7 34.Rxe5 Qa1+ 35.Kh2 Qxe5+
36.Qg3 Kf6 37.h4 dxc4 38.dxc4 Kf5 39.Kh3 Qxg3+ 40.Kxg3 Ke4 41.Kg4 h6 42.h5 g5
43.g3 a6 44.a3 a5 45.a4 Ke5 46.Kf3 Kd4 47.Kg4 Ke4  0-1

[Event "CRO-Cup (Women)"]
[Site "Pula"]
[Date "1997.??.??"]
[Round "?"]
[White "Radocaj, Radmila"]
[Black "Belamaric, Tanja"]
[Result "0-1"]
[WhiteElo "2090"]
[BlackElo "2215"]

1.e4 c5 2.Nf3 d6 3.Bb5+ Nd7 4.c3 a6 5.Ba4 Qc7 6.d4 b5 7.Bc2 Bb7 8.O-O g6
9.Re1 Bg7 10.a4 e5 11.dxe5 Nxe5 12.axb5 axb5 13.Rxa8+ Bxa8 14.Nxe5 dxe5 15.Na3 Bc6
16.c4 bxc4 17.Nxc4 Nf6 18.Ba4 O-O 19.Bxc6 Qxc6 20.Nxe5 Qb7 21.Qc2 Rc8 22.Nc4 Qc6
23.Bg5 Nd7 24.e5 Nf8 25.Rd1 Ne6 26.Be3 Ra8 27.f4 Qb5 28.Nd6 Qa4 29.Qd2 Rd8
30.Rc1 Bh6 31.Rc4 Qa1+ 32.Kf2 Qa7 33.g3 Qa6 34.Qd5 Qa2 35.Qb7 Rxd6 36.exd6 Qxc4
37.Qb8+ Bf8 38.d7 Qd3 39.Bxc5 Qd2+ 40.Kf1 Qc1+ 41.Kg2 Qxc5 42.d8=Q Nxd8 43.Qxd8 Qc2+
44.Kh3 Qxb2 45.Qc8 Qe2 46.Qd8 h5 47.Qa8 Kg7 48.Qa1+ Kh7 49.Qb1 Be7 50.Qc1 Bf6
51.Qb1 Bc3 52.Qc1 Qe1 53.Qc2 Qf1+ 54.Qg2 Qxg2+ 55.Kxg2 Kg7 56.Kf3 f5 57.h3 Kf6
58.g4 hxg4+ 59.hxg4 fxg4+ 60.Kxg4 Bd2  0-1

[Event "EU-chT (Men)"]
[Site "Pula"]
[Date "1997.??.??"]
[Round "1"]
[White "Grosar, Aljosa"]
[Black "Danner, Georg"]
[Result "1-0"]
[WhiteElo "2495"]
[BlackElo "2430"]

1.e4 c5 2.Nf3 d6 3.Bb5+ Bd7 4.Bxd7+ Nxd7 5.O-O e6 6.b3 Be7 7.Bb2 Bf6 8.c3 Ne7
9.d4 O-O 10.Re1 Nc6 11.Na3 Qb8 12.Qe2 a6 13.Nc4 Rd8 14.Rad1 cxd4 15.cxd4 d5
16.exd5 exd5 17.Ne3 Nf8 18.g3 g6 19.Ne5 Qd6 20.Qf3 Bxe5 21.dxe5 Nxe5 22.Qf4 Nc6
23.Qxd6 Rxd6 24.Nxd5 Rxd5 25.Rxd5 Nb4 26.Rd2 Nxa2 27.Ba3 Nc3 28.Bxf8 Rxf8
29.Re3 Nb5 30.Re7 b6 31.Rb7 Nc3 32.Rxb6 Ne4 33.Re2 f5 34.Rxa6 Rb8 35.f3 Ng5
36.Kg2 Rxb3 37.Ra7 Rb8 38.Ree7 Kf8 39.f4 Rb2+ 40.Kf1 Nf3 41.Rxh7 Nxh2+ 42.Ke1 Kg8
43.Rhg7+ Kh8 44.Rxg6 Nf3+ 45.Kd1 Rd2+ 46.Kc1 Rd8 47.Rga6 Nd4 48.Ra8 Ne2+
49.Kc2 Rxa8 50.Rxa8+ Kh7 51.Ra3 Kg6 52.Kd2 Nd4 53.Rd3 Nb5 54.Rd5 Nc7 55.Rd6+ Kh5
56.Ke3 Ne8 57.Rc6 Ng7 58.Kd4 Ne8 59.Ke5  1-0

[Event "Pula op"]
[Site "Pula"]
[Date "1997.??.??"]
[Round "3"]
[White "Golubovic, Boris"]
[Black "Rezek, Mirko"]
[Result "1-0"]
[WhiteElo "2450"]
[BlackElo "2235"]

1.e4 c5 2.Nf3 d6 3.Bb5+ Nd7 4.d4 cxd4 5.Qxd4 a6 6.Bxd7+ Bxd7 7.Nc3 e5 8.Qd3 h6
9.Nd2 Nf6 10.Nc4 Qe7 11.Be3 b5 12.Nb6 Rb8 13.Nxd7 Qxd7 14.O-O-O Be7 15.f3 O-O
16.g4 b4 17.Ne2 Qa4 18.Kb1 Rfc8 19.h4 Nd7 20.Nc1 Nb6 21.g5 Nc4 22.Rh2 Nxe3
23.Qxe3 h5 24.Qa7 Kf8 25.Rd5 Qc6 26.Qe3 Rb5 27.Qd3 Rb6 28.Nb3 Qc4 29.Qxc4 Rxc4
30.Na5 Rc8 31.Rhd2 Ke8 32.b3 Rc3 33.Nc4 Rc6 34.Rf2 g6 35.Kb2 f6 36.gxf6 Bxf6
37.Nxd6+ Ke7 38.Nc4 Bxh4 39.Rf1 Bg3 40.a3 R3xc4 41.bxc4 bxa3+ 42.Kxa3 Rxc4
43.Kb3 Rc6 44.c4 h4 45.c5 Kf6 46.Rd6+ Rxd6 47.cxd6 Ke6 48.Rd1 Kd7 49.Kc4 h3
50.Kd5 h2 51.Rb1  1-0

[Event "EU-chT (Men)"]
[Site "Pula"]
[Date "1997.??.??"]
[Round "3"]
[White "Yudasin, Leonid"]
[Black "Kozul, Zdenko"]
[Result "0-1"]
[WhiteElo "2600"]
[BlackElo "2590"]

1.e4 c5 2.Nf3 d6 3.Bb5+ Nd7 4.d4 Nf6 5.Nc3 cxd4 6.Qxd4 e5 7.Qd3 h6 8.Be3 Be7
9.Bc4 a6 10.a4 Qa5 11.O-O Nc5 12.Bxc5 Qxc5 13.Nd5 Nxd5 14.Bxd5 O-O 15.Ra3 Rb8
16.Rd1 Kh8 17.Rc3 Qa5 18.Qc4 f5 19.b4 Qxa4 20.Qc7 Bd7 21.Bb3 Qb5 22.Bc4 Qxb4
23.Rb3 Qa4 24.Rxb7 Rxb7 25.Qxb7 Qxc2 26.Re1 Qxc4 27.Qxd7 Bf6 28.Qxf5 a5 29.Qd7 Qb4
30.h3 Rd8 31.Qc7 a4 32.Ra1 Qxe4 33.Qb6 Qd5 34.Nh2 e4 35.Ng4 Bg5 36.Rb1 a3
37.Qa6 a2  0-1

[Event "EU-chT (Men)"]
[Site "Pula"]
[Date "1997.??.??"]
[Round "4"]
[White "Rocha, Sergio"]
[Black "Yilmaz, Turham"]
[Result "1-0"]
[WhiteElo "2405"]
[BlackElo "2390"]

1.e4 c5 2.Nf3 d6 3.Bb5+ Nc6 4.O-O Bd7 5.c3 a6 6.Ba4 b5 7.Bc2 g6 8.d4 cxd4
9.cxd4 Bg7 10.h3 e5 11.Be3 Nge7 12.Nc3 O-O 13.Qd2 exd4 14.Nxd4 Ne5 15.b3 Rc8
16.Rac1 N5c6 17.Nde2 Qa5 18.Bb1 Rfd8 19.Bg5 f6 20.Bh4 Be6 21.Qe3 Bf7 22.Rcd1 d5
23.Nxd5 Nxd5 24.exd5 Rxd5 25.Rxd5 Bxd5 26.Qc5 Bf7 27.Rd1 f5 28.Bg5 Bf8 29.Qe3 Re8
30.Qf3 Ne5 31.Qg3 Nc6 32.Kf1 Nb4 33.Nf4 Bg7 34.Nh5 Be5 35.Nf6+ Bxf6 36.Bxf6 Nd5
37.Bd4 Be6 38.Qe5 Re7 39.Qh8+ Kf7 40.Qxh7+ Ke8 41.Qxg6+ Kd7 42.Bxf5 b4 43.Bf6 Bxf5
44.Qxf5+ Kc6 45.Qxd5+  1-0

[Event "EU-chT (Men)"]
[Site "Pula"]
[Date "1997.??.??"]
[Round "4"]
[White "Hauchard, Arnaud"]
[Black "Pinter, Jozsef"]
[Result "1/2-1/2"]
[WhiteElo "2510"]
[BlackElo "2575"]

1.e4 c5 2.Nf3 d6 3.Bb5+ Nd7 4.O-O Nf6 5.Re1 a6 6.Bf1 b6 7.c4 Ne5 8.Nc3 Bg4
9.Be2 Bxf3 10.Bxf3 e6 11.Be2 Be7 12.d4 cxd4 13.Qxd4 O-O 14.b3 Qc7 15.Bb2 Rfd8
16.Rad1 Rab8 17.Bf1 Bf8 18.h3 Ng6 19.Rd2 Ne8 20.Qe3 Be7 21.g3 h6 22.Red1 Bf6
23.Ne2 Bxb2 24.Rxb2 Ne5 25.Rbd2 Qc5 26.Nd4 Nc6 27.Nxc6 Qxc6 28.e5 a5 29.Bg2 Qc7
30.exd6 Rxd6 31.Rxd6 Nxd6 32.Qe5 Rd8 33.Rd3 Rd7 34.Bf3 Kf8 35.Kg2 Qc5 36.Qc3 Rc7
37.h4 Rc8 38.Rd2 Ne8 39.Rd7 Nf6 40.Rb7 Rc7 41.Rb8+ Rc8 42.b4 axb4 43.Rxc8+ Qxc8
44.Qxb4+ Kg8 45.Qxb6 Qxc4 46.Qb8+ Kh7 47.a3 Nd5 48.Qe5 Nc3 49.h5 f6 50.Qf4 Qxf4
51.gxf4 Kg8 52.Bc6 Kf7 53.a4 Ke7 54.a5 Kd6 55.Be8 Kc5 56.Bd7 Nd5 57.Kf3 e5
58.fxe5 fxe5 59.Bc8 Nf6 60.a6 Kb6  1/2-1/2

[Event "Pula op"]
[Site "Pula"]
[Date "1997.??.??"]
[Round "5"]
[White "Golubovic, Boris"]
[Black "Sergejev, Roman"]
[Result "1-0"]
[WhiteElo "2450"]
[BlackElo "2370"]

1.e4 c5 2.Nf3 d6 3.Bb5+ Nc6 4.O-O Bd7 5.Re1 Nf6 6.h3 a6 7.Bf1 e5 8.c3 Be7
9.d4 O-O 10.dxc5 dxc5 11.a4 Qc7 12.Na3 Rfd8 13.Qc2 Na5 14.b3 Rab8 15.Nc4 Nxc4
16.Bxc4 b5 17.axb5 axb5 18.Bf1 Ne8 19.Nh2 h5 20.Be2 g6 21.Nf1 Bc6 22.Ne3 Qb7
23.Nd5 Rxd5 24.exd5 Bxd5 25.Bf1 Bd6 26.c4 bxc4 27.Bxc4 Ng7 28.Qd3 Bxc4 29.bxc4 Nf5
30.Bg5 Re8 31.Reb1 e4 32.Rxb7 exd3 33.Rd7 Re4 34.Bf6 g5 35.f3 Rxc4 36.g4 d2
37.Bxg5 Nh4 38.Kf2 Rd4 39.Rd8+ Kg7 40.Bxh4 d1=Q 41.Rxd1 Rxd1 42.Be7 Rd2+
43.Ke3 Bxe7 44.Rxd2 hxg4 45.hxg4 c4 46.Rc2 Kg6 47.Ke4 f5+ 48.gxf5+  1-0

[Event "EU-chT (Men)"]
[Site "Pula"]
[Date "1997.??.??"]
[Round "6"]
[White "Grosar, Aljosa"]
[Black "Maki, Veijo"]
[Result "1-0"]
[WhiteElo "2495"]
[BlackElo "2395"]

1.e4 c5 2.Nf3 d6 3.Bb5+ Nd7 4.d4 Nf6 5.Nc3 cxd4 6.Qxd4 e5 7.Qd3 h6 8.Be3 Be7
9.Bc4 O-O 10.Nh4 Nb6 11.Bxb6 Qxb6 12.Ng6 Re8 13.Nxe7+ Rxe7 14.O-O-O Be6 15.Bxe6 Rxe6
16.f3 Rc8 17.Rd2 Qa5 18.Qb5 Qc7 19.Rhd1 a6 20.Qb4 b5 21.a4 bxa4 22.Rxd6 Rxd6
23.Rxd6 Rb8 24.Rc6 Qa7 25.Qc5 Qb7 26.Nxa4 Nd7 27.Qc4 Qa7 28.Nc5 Nxc5 29.Qxc5 Qb7
30.b3 a5 31.Rc7 Qa6 32.Qc4 Qf6 33.Rc8+ Rxc8 34.Qxc8+ Kh7 35.Qf5+ Qxf5 36.exf5 g6
37.fxg6+ Kxg6 38.Kd2 Kf5 39.Ke3 Ke6 40.g4 Kd5 41.h4 Kc5 42.c3  1-0

[Event "EU-chT (Men)"]
[Site "Pula"]
[Date "1997.??.??"]
[Round "8"]
[White "Grosar, Aljosa"]
[Black "Sergejev, Roman"]
[Result "1-0"]
[WhiteElo "2495"]
[BlackElo "2370"]

1.e4 c5 2.Nf3 d6 3.Bb5+ Nc6 4.O-O Bd7 5.Re1 Nf6 6.c3 a6 7.Bf1 Bg4 8.h3 Bh5
9.d3 e6 10.Nbd2 Be7 11.g4 Bg6 12.Nh4 Nd7 13.Nxg6 hxg6 14.Nb3 e5 15.d4 cxd4
16.cxd4 Bg5 17.d5 Na7 18.Bxg5 Qxg5 19.Na5 Rb8 20.Rc1 Qd8 21.b4 O-O 22.Re3 Rc8
23.a3 Rxc1 24.Qxc1 Qb8 25.Rc3 Nf6 26.f3 Rc8 27.Rxc8+ Nxc8 28.h4 Nb6 29.Qc2 Kf8
30.Kh2 Ke7 31.Bxa6  1-0

[Event "EU-chT (Men)"]
[Site "Pula"]
[Date "1997.??.??"]
[Round "8"]
[White "Sulskis, Sarunas"]
[Black "Stohl, Igor"]
[Result "1/2-1/2"]
[WhiteElo "2525"]
[BlackElo "2580"]

1.e4 c5 2.Nf3 d6 3.Bb5+ Bd7 4.a4 Nc6 5.O-O a6 6.Bxc6 Bxc6 7.Re1 Nf6 8.e5 dxe5
9.Nxe5 Qd5 10.Nxc6 Qxc6 11.d3 b6 12.Nd2 e6 13.b3 Be7 14.Bb2 O-O 15.Nc4 Rad8  1/2-1/2

[Event "EUCup (Women)"]
[Site "Rijeka"]
[Date "1997.??.??"]
[Round "2"]
[White "Lakos, Nikoletta"]
[Black "Vasilevich, Tatjana"]
[Result "1-0"]
[WhiteElo "2380"]
[BlackElo "2425"]

1.e4 c5 2.Nf3 d6 3.Bb5+ Bd7 4.Bxd7+ Qxd7 5.c4 Nc6 6.O-O Nf6 7.Nc3 e6 8.d4 cxd4
9.Nxd4 Be7 10.Be3 O-O 11.Qe2 Nxd4 12.Bxd4 Rfc8 13.f3 Qc6 14.b3 a6 15.a4 b6
16.Rfd1 Nd7 17.Qb2 Bf8 18.Rd2 Rab8 19.Rad1 Qa8 20.Bf2 Ne5 21.h3 Be7 22.Kh1 Rd8
23.Bg3 Qc6 24.f4 Nd7 25.Qb1 Rbc8 26.f5 Ne5 27.fxe6 fxe6 28.Ne2 Bg5 29.Bf4 Bf6
30.Nd4 Qe8 31.Rf1 Qe7 32.Qd1 Kh8 33.Nf3 Nf7 34.Qe2 Kg8 35.Rfd1 g6 36.Rd3 Rc6
37.e5 dxe5 38.Rxd8+ Nxd8 39.Nxe5 Bxe5 40.Qxe5 Rc8 41.Be3 Nf7 42.Qe4 Nd6 43.Qe5 Nf7
44.Qe4 Nd6 45.Qd3 Rc6 46.Bf4 Nb7 47.Qe4 Rc8 48.b4 a5 49.Bg5 Qf7 50.Be3 axb4
51.Bxb6 Qe7 52.Bd4 Rxc4 53.Qe5 Nd6 54.Bc5 Re4 55.Qxd6  1-0